000 00465nam a22001937a 4500
003 MPLRDC
005 20220104144210.0
008 210129b ||||| |||| 00| 0 eng d
020 _a957-11-2427-3
082 _a415.7 JCYL
100 _a今川一郎
245 _a还我健康皮肤
_c
250 _a一版一刷
260 _a
_b文字复兴有限公司
_c2001
300 _b
490 _a健康开讲
650 _a皮肤病
942 _cBK
_o415.7 JCYL
999 _c47333
_d47323